000 00988nam a2200193Ia 4500
003 GCL
008 140319s9999 xx 000 0 ara d
040 _aGCL /
_cGCL
082 0 4 _a417.9538
_bى ا
100 1 _aابن منظور : جمال الدين ابو الفضل محمد بن مكرم بن على بن احمد بن ابى القاسم بن حبقة الانصارى المصرى \\=aيعقوب يوسف الغنيمv
245 1 0 _aالفاظ اللهجة الكويتية فى كتاب لسان العرب لابن منظور /
_cابن منظور : جمال الدين ابو الفضل محمد بن مكرم بن على بن احمد بن ابى القاسم بن حبقة الانصارى المصرى
300 _a328 ص
490 _aالهيئة العامة للاستعلامات
_v0
650 0 4 _aالكويت
650 0 4 _aاللهجات
650 0 4 _aاللغة العربية - اللهجات
650 0 4 _aاللهجات الكويتية
942 _2ddc
_cBK
999 _c52200
_d52200